Statistics for 中国各省级行政区人口前五城市 Top five most populous cities in China's provinces

Click here to take the quiz!

General Stats

  • This quiz has been taken 313 times
  • The average score is 110 of 146

Answer Stats

省份人口/万城市% Correct
河北442石家庄
97%
江苏399苏州
97%
山西405太原
97%
江苏791南京
97%
浙江874杭州
96%
内蒙古223呼和浩特
95%
河南534郑州
95%
辽宁707沈阳
95%
江苏357无锡
95%
吉林343长春
94%
福建436厦门
94%
河南199洛阳
94%
浙江361宁波
94%
湖北995武汉
94%
辽宁521大连
94%
福建354福州
94%
黑龙江550哈尔滨
94%
四川1334成都
93%
安徽378合肥
93%
湖南555长沙
92%
贵州383贵阳
92%
吉林130吉林
92%
广东1488广州
92%
内蒙古190包头
92%
山东601青岛
92%
山东588济南
92%
河北214唐山
91%
河北190保定
91%
江苏206徐州
91%
江苏309常州
91%
广东1744深圳
91%
山西175大同
91%
青海162西宁
91%
江西335南昌
91%
宁夏152银川
90%
云南534昆明
90%
福建135泉州
89%
海南209海口
89%
河北194邯郸
89%
广西457南宁
89%
浙江238温州
89%
西藏55拉萨
89%
陕西928西安
89%
海南70三亚
88%
北京1775北京
88%
广东956东莞
88%
台湾966台北
88%
河北125秦皇岛
87%
新疆373乌鲁木齐
87%
重庆1634重庆
86%
广东854佛山
86%
上海1987上海
86%
河南110开封
86%
甘肃289兰州
86%
广西125桂林
86%
黑龙江121齐齐哈尔
86%
天津1093天津
86%
浙江217绍兴
85%
浙江134台州
84%
香港647香港
84%
四川138绵阳
84%
广西206柳州
83%
台湾235高雄
83%
台湾112台南
83%
贵州147遵义
83%
澳门62澳门
83%
安徽132芜湖
83%
江西164赣州
83%
陕西135咸阳
82%
山东201烟台
82%
西藏9日喀则
81%
台湾251台中
81%
湖南132株洲
79%
云南52大理
79%
福建138莆田
79%
江西90九江
79%
黑龙江128大庆
78%
广东274中山
78%
内蒙古67鄂尔多斯
77%
安徽86马鞍山
77%
湖北122宜昌
76%
湖北146襄阳
76%
山西79晋中
75%
辽宁146鞍山
75%
贵州71六盘水
75%
湖南107岳阳
75%
辽宁101锦州
74%
西藏6林芝
73%
山东240淄博
73%
内蒙古101赤峰
73%
湖北46荆州
73%
河南99安阳
72%
陕西85宝鸡
72%
宁夏37石嘴山
72%
青海19海东
71%
陕西83榆林
70%
陕西53汉中
70%
山东247临沂
70%
宁夏23中卫
69%
黑龙江67佳木斯
69%
宁夏37吴忠
69%
山西102长治
69%
宁夏25固原
68%
湖北108十堰
68%
海南28儋州
67%
四川108宜宾
66%
安徽109淮南
66%
吉林48四平
65%
江西120上饶
65%
西藏5山南
65%
黑龙江73牡丹江
64%
湖南103衡阳
64%
河南109新乡
63%
内蒙古51乌海
63%
甘肃66天水
63%
辽宁121抚顺
63%
贵州61毕节
62%
西藏5昌都
61%
山西67临汾
61%
四川100泸州
61%
甘肃39武威
61%
新疆45克拉玛依
60%
安徽86阜阳
59%
湖南90常德
59%
青海8玉树
58%
云南97曲靖
57%
广西73玉林
56%
四川119南充
56%
甘肃43白银
55%
江西79抚州
55%
吉林47松原
54%
新疆46石河子
52%
海南19东方
52%
青海15格尔木
48%
台湾59新竹
48%
云南51玉溪
47%
甘肃32平凉
44%
吉林61延吉
44%
广西71贵港
43%
海南18琼海
38%
青海6德令哈
36%
新疆63伊宁
34%
云南40文山
34%
新疆49库尔勒
28%
福建101晋江
26%
贵州57兴义
22%

Score Distribution

Percentile by Number Answered

Percent of People with Each Score

Your Score History

You have not taken this quiz